| 000 | 00390nam a22001697a 4500 | ||
|---|---|---|---|
| 005 | 20230608173628.0 | ||
| 008 | 230608b |||||||| |||| 00| 0 eng d | ||
| 020 | _a9781401864699 | ||
| 082 |
_a006.696 _bROS-F |
||
| 100 | _aRoss Aaron | ||
| 245 | _aFoundations of 3ds max 6 | ||
| 260 |
_aIndia _c2004 |
||
| 300 | _a478 | ||
| 650 | _aEngineering | ||
| 700 | _aAaron Ross | ||
| 999 |
_c18678 _d18678 |
||